000 00418nam a2200133Ia 4500
008 100328s9999 xx 000 0 und d
082 _b66167
100 _aकुंटे माधवी.
245 _aओशो विचारदर्पण.
260 _bमनोविकास.
630 _aओशो विचारदर्पण.
730 _aओशो विचारदर्पण.
942 _cBOOK
999 _c551911
_d551908